Against fascism (Record no. 394686)

MARC details
000 -LEADER
fixed length control field 00505 a2200205 4500
005 - DATE & TIME
control field 20260313112742.0
008 - FIXED-LENGTH DATA ELEMENTS--GENERAL INFORMATION
fixed length control field 260312b |||||||| |||| 00| 0 eng d
020 ## - ISBN
International Standard Book Number 9789350028407
Price Rs. 799.00
040 ## - CATALOGING SOURCE
Original cataloging agency VIVEKANANDA LIBRARY
082 ## - DDC NUMBER
Classification number 320.533
Book Number R812A
100 ## - MAIN ENTRY--PERSONAL NAME
Personal name Roy, M N
245 ## - TITLE STATEMENT
Title Against fascism
260 ## - PUBLICATION, DISTRIBUTION, ETC. (IMPRINT)
Name of publisher, distributor, etc Aakar Books
Place of publication, distribution, etc Delhi
Date of publication, distribution, etc 2024
300 ## - PHYSICAL DESCRIPTION
Pages xxxii, 286
650 ## - Subject
Subject Political Science
650 ## - Subject
Subject Political Ideologies
650 ## - Subject
Subject Fascism
700 ## - Added Entry Personal Name
Added Entry Personal Name Sur, Bhaskar
942 ## - ADDED ENTRY ELEMENTS (KOHA)
Koha item type Books
Holdings
Withdrawn status Lost status Source of classification or shelving scheme Damaged status Not for loan Location (home branch) Sublocation or collection (holding branch) Shelving location Date acquired Koha issues (times borrowed) Koha full call number Accession No. Koha date last seen Koha item type
    Dewey Decimal Classification     VIVEKANANDA LIBRARY VIVEKANANDA LIBRARY Vivekananda Library 18/02/2026   320.533 R812A 438465 18/02/2026 Books
© Designed and Maintained by Vivekananda Library, MDU Rohtak